A feast for crows / (Record no. 3686)

MARC details
000 -LEADER
fixed length control field 00603cam a2200193 4500
001 - CONTROL NUMBER
control field 4452
005 - DATE AND TIME OF LATEST TRANSACTION
control field 20181127173425.0
008 - FIXED-LENGTH DATA ELEMENTS--GENERAL INFORMATION
fixed length control field 050802s2005 nyub 000 1 eng
010 ## - LIBRARY OF CONGRESS CONTROL NUMBER
LC control number 2005053034
020 ## - INTERNATIONAL STANDARD BOOK NUMBER
International Standard Book Number 0553801503
100 ## - MAIN ENTRY--PERSONAL NAME
Personal name Martin, George R. R.
Numeration
Titles and words associated with a name
Dates associated with a name
Relator term
Fuller form of name
245 12 - TITLE STATEMENT
Title A feast for crows /
Statement of responsibility, etc. George R.R. Martin.
260 ## - PUBLICATION, DISTRIBUTION, ETC.
Place of publication, distribution, etc. London :
Name of publisher, distributor, etc. Harper,
Date of publication, distribution, etc. 2014.
300 ## - PHYSICAL DESCRIPTION
Extent 936 p. ;
Other physical details maps
Dimensions 22 cm.
490 1# - SERIES STATEMENT
Series statement A song of ice and fire ;
Volume/sequential designation bk. 4
500 ## - GENERAL NOTE
General note ""A Bantam Spectra book""--T.p. verso.
655 #7 - INDEX TERM--GENRE/FORM
Genre/form data or focus term Fantasy fiction.
Source of term gsafd
800 1# - SERIES ADDED ENTRY--PERSONAL NAME
Personal name Martin, George R. R.
Title of a work Song of ice and fire ;
Volume/sequential designation bk. 4.
Holdings
Withdrawn status Lost status Source of classification or shelving scheme Damaged status Not for loan Collection code Home library Current library Shelving location Date acquired Serial Enumeration / chronology Inventory number Total Checkouts Total Renewals Full call number Barcode Date last seen Date last checked out Price effective from Koha item type
    Dewey Decimal Classification     Fiction RTC Library RTC Library Fiction 07/04/2022 8004 2 5 FIC 813.54 MAR 30007259 29/08/2025 01/07/2025 27/11/2018 Fiction
Royal Thimphu College || All Right Reserved